Vodné cesty

Enregistré dans:
Détails bibliographiques
Auteurs principaux: Grandtner, Teodor (Auteur), Furda, Ján (Auteur)
Format: Livre
Langue:slovaque
Publié: Bratislava : SVŠT v Bratislave, 1989
Tags: Ajouter un tag
Pas de tags, Soyez le premier à ajouter un tag!

MARC

LEADER 00000nam a22000003a 4500
001 stu28547
005 20220510092443.9
008 950306s1989------------------------slo-d
040 |a STU  |b slo 
041 0 |a slo 
080 |a () 
100 1 |a Grandtner, Teodor  |4 aut 
245 1 |a Vodné cesty 
260 |a Bratislava :  |b SVŠT v Bratislave,  |c 1989 
300 |a 246 s 
700 1 |a Furda, Ján  |4 aut 
996 |b 284V023670  |c V*38441/O-16112  |l VVT  |s A  |a 24  |w stu28547_0001 
996 |b 284V036785  |c V* 43380/S-15  |l VVS  |s A  |a 24  |w stu28547_0002